Bendík po zranení opäť trénuje

Bibliographic Details
Main Author: Ivančáková, Simona (Author)
Format: Article
Language:Slovak
PhysicalDescription:Fotogr.
Subjects:

MARC

LEADER 00000nab a2200000 ar4500
001 vtls010681569
003 SK-MaSNL
005 20260303200432.0
008 171109c2015 xo wr|p|||||||000 b|slo
038 |a PPPK 
040 |a PPPKCL  |b slo  |c PPPKCL  |e AACR2 
041 0 |a slo 
044 |a xo  |c SK 
080 |a 796.92.071.2  |2 2001 
100 1 |a Ivančáková, Simona  |4 aut  |9 1085792 
245 1 0 |a Bendík po zranení opäť trénuje  |c Simona Ivančáková ; [foto] archív M.B. 
300 |b Fotogr. 
600 1 7 |a Bendik, Martin,  |d 1993-  |2 pppkcl  |9 158325 
650 0 7 |a lyžiari  |2 pppkcl  |9 55075 
650 0 7 |a zjazdové lyžovanie  |2 pppkcl  |9 3258 
650 0 7 |a rodáci  |2 snkbucl  |9 30842 
651 7 |a Poprad (Slovensko)  |2 pppkcl  |9 20155 
773 0 |t Naše novinky Poprad : spravodajský dvojtýždenník  |g Roč. II, č. 9 (2015), s. 20 
852 |a PPPK  |b KIS3GCP 
999 |c 2168049  |d 2169979